[Event "Sao Paulo"]
[Site "Sao Paulo"]
[Date "1979.??.??"]
[Round "?"]
[White "Van Riemsdijk, Herman C"]
[Black "Andersson, Ulf"]
[Result "1-0"]
[WhiteElo "2390"]
[BlackElo "2560"]

1.e4 c5 2.Nf3 e6 3.d4 cxd4 4.Nxd4 a6 5.Nc3 Nc6 6.g3 Nge7 7.Be3 Nxd4 8.Bxd4 Nc6
9.Bg2 Qc7 10.O-O Nxd4 11.Qxd4 Qc5 12.Qxc5 Bxc5 13.e5 Bd4 14.Rfe1 Ke7 15.a4 Rb8
16.Re4 Bxc3 17.bxc3 Rd8 18.Rd4 b5 19.Rb4 d5 20.exd6+ Rxd6 21.c4 Rd2 22.cxb5 a5
23.Rc4 e5 24.Rc7+ Kf6 25.b6 Bf5 26.b7 Rxc2 27.Rxc2 Bxc2 28.Rc1 Bf5 29.Rc6+ Ke7
30.Rc5  1-0

[Event "Sao Paulo"]
[Site "Sao Paulo"]
[Date "1979.??.??"]
[Round "?"]
[White "Sunye Neto, Jaime"]
[Black "Andersson, Ulf"]
[Result "1/2-1/2"]
[WhiteElo "2375"]
[BlackElo "2560"]

1.Nf3 Nf6 2.g3 d5 3.Bg2 g6 4.c4 c6 5.cxd5 cxd5 6.O-O Bg7 7.d4 O-O 8.Nc3 e6
9.Ne5 Nfd7 10.Nxd7 Bxd7 11.b3 Nc6 12.e3 h5 13.Bb2 Ne7 14.Qd2 Nf5 15.Rac1 Bc6
16.a4 Qb6 17.Ba3 Rfc8 18.Bc5 Qd8 19.Na2 Bh6 20.Ba3 Qb6 21.Rc3 e5 22.Bc5 Qc7
23.dxe5 Qxe5 24.Rd3 Qe6 25.Nb4 d4 26.Nxc6 dxe3 27.Ne7+ Qxe7 28.Bxe7 exd2
29.Bb4 Rd8 30.Bd5 Rd7 31.Bxd2 Rad8 32.Bxh6 Rxd5 33.Rxd5 Rxd5 34.Bf4 Kf8 35.Rc1 Ke7
36.Kg2 Ke6 37.Re1+ Kd7 38.Rc1 Nd6 39.Rc3 g5 40.Be3 b6 41.h3  1/2-1/2

[Event "Sao Paulo"]
[Site "Sao Paulo"]
[Date "1979.??.??"]
[Round "?"]
[White "Rocha, Antonio"]
[Black "Andersson, Ulf"]
[Result "1/2-1/2"]
[WhiteElo "2365"]
[BlackElo "2560"]

1.Nf3 Nf6 2.c4 c5 3.Nc3 e6 4.e3 Nc6 5.d4 d5 6.cxd5 Nxd5 7.Bd3 cxd4 8.exd4 Be7
9.O-O O-O 10.Re1 Bf6 11.Be4 Qd6 12.Bc2 Nce7 13.Qd3 Ng6 14.Ne4 Qd8 15.Nxf6+ Nxf6
16.Bg5  1/2-1/2

[Event "Sao Paulo"]
[Site "Sao Paulo"]
[Date "1979.??.??"]
[Round "?"]
[White "Panno, Oscar"]
[Black "Andersson, Ulf"]
[Result "1/2-1/2"]
[WhiteElo "2545"]
[BlackElo "2560"]

1.d4 Nf6 2.c4 e6 3.Nf3 b6 4.g3 Bb7 5.Bg2 Be7 6.O-O O-O 7.Nc3 Ne4 8.Qc2 Nxc3
9.Qxc3 c5 10.Rd1 cxd4 11.Nxd4 Bxg2 12.Kxg2 a6 13.Qf3 Ra7 14.b3 Qc7 15.e4 d6
16.Ba3 Nd7 17.Rac1 Rc8 18.Qe2 h6 19.Rc2 Bf8 20.Kg1 Qb8 21.Bc1 Qa8 22.Rcd2 Nc5  1/2-1/2

[Event "Sao Paulo"]
[Site "Sao Paulo"]
[Date "1979.??.??"]
[Round "?"]
[White "Andersson, Ulf"]
[Black "Byrne, Robert E"]
[Result "1-0"]
[WhiteElo "2560"]
[BlackElo "2535"]

1.Nf3 Nf6 2.c4 g6 3.Nc3 Bg7 4.e4 d6 5.d4 O-O 6.Be2 e5 7.dxe5 dxe5 8.Qxd8 Rxd8
9.Bg5 Re8 10.Nd5 Nxd5 11.cxd5 c6 12.Bc4 cxd5 13.Bxd5 Nd7 14.Nd2 Nb6 15.Bb3 Be6
16.Ke2 Bf8 17.Rhc1 Bd6 18.Bxe6 Rxe6 19.Be3 Kf8 20.Rc3 Rc8 21.Rac1 Rxc3 22.Rxc3 Ke8
23.g4 f6 24.Rb3 Bc7 25.a4 Re7 26.a5 Nc8 27.Nc4 Bd8 28.Rb5 Rc7 29.b3 a6 30.Rd5 Rd7
31.g5 Rxd5 32.exd5 fxg5 33.Kd3 g4 34.Ke4 Be7 35.Nxe5 Bb4 36.Nxg4 Bxa5 37.Ke5 Ke7
38.Bc5+ Kf7 39.d6 Nb6 40.Bxb6 Bxb6 41.Kd5 Bd8 42.Ne5+  1-0

[Event "Sao Paulo"]
[Site "Sao Paulo"]
[Date "1979.??.??"]
[Round "?"]
[White "Andersson, Ulf"]
[Black "Gheorghiu, Florin"]
[Result "1/2-1/2"]
[WhiteElo "2560"]
[BlackElo "2540"]

1.Nf3 Nf6 2.g3 g6 3.Bg2 Bg7 4.c4 O-O 5.O-O d6 6.Nc3 Nc6 7.d3 e5 8.Rb1 a5
9.a3 Nd4 10.b4 axb4 11.axb4 Nxf3+ 12.Bxf3 c6 13.b5 d5 14.bxc6 bxc6 15.cxd5 cxd5
16.Bg5 Be6 17.Rb5 Ra5 18.Qb1 Rxb5 19.Qxb5 d4 20.Ne4 Bf5 21.Nxf6+ Bxf6 22.Bxf6 Qxf6
23.Rc1  1/2-1/2

[Event "Sao Paulo"]
[Site "Sao Paulo"]
[Date "1979.??.??"]
[Round "?"]
[White "Andersson, Ulf"]
[Black "Lein, Anatoly"]
[Result "1/2-1/2"]
[WhiteElo "2560"]
[BlackElo "2535"]

1.Nf3 d5 2.d4 c6 3.c4 Nf6 4.cxd5 cxd5 5.Nc3 Nc6 6.Bf4 e6 7.e3 Bd6 8.Bd3 O-O
9.O-O Bxf4 10.exf4 Bd7 11.Re1 Re8 12.Rc1 Re7 13.Bf1 g6 14.Ne5 Be8 15.Qd2 Rc7
16.f3 a6 17.Ne2 Rac8 18.Rc3 Nxe5  1/2-1/2

[Event "Sao Paulo"]
[Site "Sao Paulo"]
[Date "1979.??.??"]
[Round "?"]
[White "Filguth, Rubens A"]
[Black "Andersson, Ulf"]
[Result "0-1"]
[WhiteElo "2335"]
[BlackElo "2560"]

1.c4 Nf6 2.Nc3 c5 3.e4 Nc6 4.g3 g6 5.Bg2 Bg7 6.Nge2 O-O 7.O-O Rb8 8.d3 d6
9.h3 Ne8 10.Be3 Nd4 11.Rb1 Bd7 12.g4 Nc7 13.f4 b5 14.f5 Nc6 15.Qd2 Ne5 16.b3 a5
17.a4 bxa4 18.bxa4 Rb4 19.Qc2 Na6 20.Rbd1 Nc6 21.Bc1 Nd4 22.Nxd4 Bxd4+ 23.Kh1 Rb8
24.Nb5 Nb4 25.Qd2 Bg7 26.Qf2 Nc6 27.Qg3 Ne5 28.h4 h6 29.Rf2 Kh7 30.Rdf1 Rh8
31.Bh3 Kg8 32.fxg6 fxg6 33.Bb2 Be6 34.h5 Qd7 35.hxg6 Nxg6 36.Bxg7 Kxg7 37.Kg1 Rbf8
38.Rxf8 Rxf8 39.Rxf8 Kxf8 40.Qe3 Kg7 41.d4 Bxg4 42.Bg2 cxd4 43.Qxd4+ Kh7
44.Qb6 Bh3 45.Bf3 Ne5 46.Be2 Bg4 47.Bf1 Bf3  0-1

[Event "Hoogovens"]
[Site "Wijk aan Zee"]
[Date "1979.??.??"]
[Round "1"]
[White "Sosonko, Gennadi"]
[Black "Andersson, Ulf"]
[Result "1/2-1/2"]
[WhiteElo "2535"]
[BlackElo "2560"]

1.d4 Nf6 2.c4 e6 3.g3 Bb4+ 4.Bd2 Bxd2+ 5.Qxd2 O-O 6.Bg2 d5 7.Nf3 c6 8.b3 b6
9.Qb2 Nbd7 10.Nbd2 Bb7 11.O-O Qe7 12.Rac1 c5 13.Rfd1 Rfc8 14.cxd5 Bxd5 15.Nc4 h6
16.Nfe5 Bxg2 17.Kxg2 cxd4 18.Qxd4  1/2-1/2

[Event "Hoogovens"]
[Site "Wijk aan Zee"]
[Date "1979.??.??"]
[Round "2"]
[White "Andersson, Ulf"]
[Black "Garcia, Gildardo"]
[Result "1/2-1/2"]
[WhiteElo "2560"]
[BlackElo "2490"]

1.Nf3 Nf6 2.c4 g6 3.Nc3 Bg7 4.e4 d6 5.d4 O-O 6.Be3 e5 7.dxe5 dxe5 8.Qxd8 Rxd8
9.Bg5 Re8 10.Nd5 Nxd5 11.cxd5 c6 12.Bc4 cxd5 13.Bxd5 Nc6 14.Ke2 Nb4 15.Bc4 Be6
16.Bxe6 Rxe6 17.Rhd1 f5 18.Rd7 h6 19.Be3  1/2-1/2

[Event "Hoogovens"]
[Site "Wijk aan Zee"]
[Date "1979.??.??"]
[Round "3"]
[White "Hort, Vlastimil"]
[Black "Andersson, Ulf"]
[Result "1/2-1/2"]
[WhiteElo "2600"]
[BlackElo "2560"]

1.e4 c5 2.Nf3 d6 3.d4 cxd4 4.Nxd4 Nf6 5.Nc3 a6 6.f4 e5 7.Nf3 Nbd7 8.Bc4 b5
9.Bd5 Rb8 10.fxe5 dxe5 11.Bg5 Bb4 12.Bxf6 Bxc3+ 13.bxc3 Qxf6 14.O-O O-O 15.Kh1 Qe7
16.a4 Nf6 17.axb5 axb5 18.Qe2 Bb7 19.Rad1 Rfd8 20.c4 bxc4 21.Qxc4 Rbc8 22.Qb3 Nxd5
23.exd5 Ba6 24.Rfe1 Bc4 25.Qb6 Rxd5 26.Rxd5  1/2-1/2

[Event "Hoogovens"]
[Site "Wijk aan Zee"]
[Date "1979.??.??"]
[Round "5"]
[White "Nikolac, Juraj"]
[Black "Andersson, Ulf"]
[Result "0-1"]
[WhiteElo "2450"]
[BlackElo "2560"]

1.Nf3 Nf6 2.g3 g6 3.Bg2 Bg7 4.O-O d5 5.d3 O-O 6.Nbd2 Re8 7.e4 e5 8.exd5 Nxd5
9.Nc4 Nc6 10.Re1 h6 11.a4 Nb6 12.Nfd2 Nxc4 13.Nxc4 Bf5 14.Bd2 Qd7 15.Bc3 Bh3
16.Bxh3 Qxh3 17.Qf3 Qd7 18.Re2 Re6 19.Rae1 Rae8 20.b4 e4 21.dxe4 Bxc3 22.Qxc3 Qd4
23.Qb3 Rxe4 24.c3 Qd3 25.Rxe4 Rxe4 26.Rxe4 Qxe4 27.b5 Nd8 28.Ne3 Ne6 29.Qd5 Qxd5
30.Nxd5 Kf8 31.a5 Ke8 32.b6 cxb6 33.axb6 a5 34.Kf1 Kd7 35.Ke2 Kc6 36.c4 Nc5
37.Ke3 Nd7 38.Kd4 Nxb6 39.Ne7+ Kd7 40.Ng8 Ke6 41.Nxh6 f5 42.g4 Kf6 43.gxf5 gxf5
44.Kc5 Kg6 45.Nxf5 Kxf5 46.Kb5 a4 47.Kb4 Ke6 48.h4 a3 49.Kxa3 Nxc4+ 50.Kb4 Nd6
51.Kc5 Kd7 52.h5 Ne4+ 53.Kb6 Kc8 54.h6 Nf6 55.f3 Kb8 56.f4 Kc8  0-1

[Event "Hoogovens"]
[Site "Wijk aan Zee"]
[Date "1979.??.??"]
[Round "6"]
[White "Andersson, Ulf"]
[Black "Polugaevsky, Lev"]
[Result "1/2-1/2"]
[WhiteElo "2560"]
[BlackElo "2625"]

1.Nf3 Nf6 2.c4 c5 3.Nc3 d5 4.cxd5 Nxd5 5.e4 Nb4 6.Bb5+ Bd7 7.a3 N4c6 8.Bc4 e6
9.d3 Be7 10.Be3 O-O 11.O-O Be8 12.d4 cxd4 13.Nxd4 Nxd4 14.Bxd4 Nc6  1/2-1/2

[Event "Hoogovens"]
[Site "Wijk aan Zee"]
[Date "1979.??.??"]
[Round "8"]
[White "Ree, Hans"]
[Black "Andersson, Ulf"]
[Result "1/2-1/2"]
[WhiteElo "2480"]
[BlackElo "2560"]

1.d4 Nf6 2.c4 e6 3.Nf3 b6 4.g3 Bb7 5.Bg2 Be7 6.O-O O-O 7.Nc3 Ne4 8.Qc2 Nxc3
9.Qxc3 c5 10.Rd1 cxd4 11.Qxd4 Bf6 12.Qd3 Nc6 13.e4 Rc8 14.Qe2 Qc7 15.e5 Be7
16.Bg5 Rfd8 17.b3 h6 18.Bf4 d6 19.exd6 Bxd6 20.Bxd6 Rxd6 21.Rxd6 Qxd6 22.Rd1 Qc7
23.Ne5 Qxe5 24.Qxe5 Nxe5 25.Bxb7 Rc7 26.Rd8+ Kh7 27.Bg2 g5 28.f4 gxf4 29.gxf4 Ng6
30.Rd4 Kg7 31.Kf2 Kf6 32.Ke3 Nh4 33.Be4 Nf5+ 34.Bxf5 Kxf5 35.Rd8 f6 36.Rh8 Rg7
37.Rxh6 Rg2 38.c5 bxc5 39.Rh5+ Kg6 40.Rxc5 Rxa2 41.h4 Rh2 42.f5+ exf5 43.Ra5 Rh3+
44.Kf2 Rxh4 45.Rxa7 Rh3 46.Rb7 Kg5 47.Rb4 Rc3 48.Ra4 Rxb3 49.Rc4 Rh3 50.Ra4 Rh4
51.Ra3 Rh2+ 52.Kg3 Re2 53.Kf3 Rb2 54.Rc3 Rb1 55.Ra3 Rh1 56.Kg2 Rh8 57.Kf2 Rh4
58.Rb3 Kg4 59.Rg3+ Kf4 60.Rf3+ Ke4 61.Re3+ Kf4 62.Rf3+ Ke5 63.Re3+ Re4 64.Ra3 Kf4
65.Rf3+ Kg4 66.Rg3+  1/2-1/2

[Event "Hoogovens"]
[Site "Wijk aan Zee"]
[Date "1979.??.??"]
[Round "10"]
[White "Timman, Jan H"]
[Black "Andersson, Ulf"]
[Result "1/2-1/2"]
[WhiteElo "2625"]
[BlackElo "2560"]

1.c4 Nf6 2.Nc3 c5 3.Nf3 e6 4.e3 d5 5.cxd5 Nxd5 6.Nxd5 Qxd5 7.b3 Be7 8.Bc4 Qd8
9.Bb2 O-O 10.O-O Nc6 11.d4 cxd4 12.Nxd4 Bd7 13.Nxc6 Bxc6 14.Qg4 Bf6 15.Rad1 Qe7
16.Bxf6 Qxf6 17.Rd4 Rad8 18.Rfd1 Rxd4 19.Qxd4 Qxd4 20.Rxd4 Rc8  1/2-1/2

[Event "Hoogovens"]
[Site "Wijk aan Zee"]
[Date "1979.??.??"]
[Round "11"]
[White "Andersson, Ulf"]
[Black "Huebner, Robert"]
[Result "1/2-1/2"]
[WhiteElo "2560"]
[BlackElo "2595"]

1.Nf3 f5 2.g3 c5 3.c3 b6 4.Bg2 Bb7 5.d4 e6 6.O-O Nf6 7.Bg5 Be7 8.Nbd2 O-O
9.Ne1 Bxg2 10.Nxg2 Nc6 11.e3 Nd5 12.Bxe7 Qxe7 13.Qe2 cxd4 14.cxd4 Rfc8  1/2-1/2

[Event "Buenos Aires"]
[Site "Buenos Aires"]
[Date "1980.??.??"]
[Round "?"]
[White "Quinteros, Miguel A"]
[Black "Andersson, Ulf"]
[Result "1/2-1/2"]
[WhiteElo "2515"]
[BlackElo "2590"]

1.c4 c5 2.Nf3 Nf6 3.Nc3 b6 4.e4 d6 5.d4 cxd4 6.Nxd4 Bb7 7.Qe2 a6 8.Bg5 e6
9.f4 Be7 10.O-O-O Nbd7 11.f5 e5 12.Bxf6 Nxf6 13.Nc2 Rc8 14.Kb1 Rc5 15.Qe3 O-O
16.Nb4 Qa8 17.Nbd5 Bxd5 18.exd5 b5 19.cxb5 axb5 20.Bxb5 Nxd5 21.Nxd5  1/2-1/2

[Event "Buenos Aires"]
[Site "Buenos Aires"]
[Date "1980.??.??"]
[Round "?"]
[White "Panno, Oscar"]
[Black "Andersson, Ulf"]
[Result "1/2-1/2"]
[WhiteElo "2540"]
[BlackElo "2590"]

1.d4 Nf6 2.c4 e6 3.Nf3 b6 4.a3 c5 5.e3 g6 6.Nc3 Bg7 7.Be2 O-O 8.O-O Bb7 9.b4 cxd4
10.Nxd4 Nc6 11.Nxc6 Bxc6 12.Bb2 d5 13.Qb3 dxc4 14.Bxc4 Qe7 15.Rad1 Rfd8 16.f3 Ne8
17.Bb5 Bxb5 18.Nxb5 Bxb2 19.Qxb2 Nd6 20.Nxd6 Rxd6 21.Rxd6 Qxd6  1/2-1/2

[Event "Buenos Aires"]
[Site "Buenos Aires"]
[Date "1980.??.??"]
[Round "?"]
[White "Andersson, Ulf"]
[Black "Najdorf, Miguel"]
[Result "1/2-1/2"]
[WhiteElo "2590"]
[BlackElo "2510"]

1.Nf3 Nf6 2.c4 g6 3.Nc3 Bg7 4.e4 d6 5.d4 O-O 6.Be2 e5 7.dxe5 dxe5 8.Qxd8 Rxd8
9.Bg5 Re8 10.Nd5 Nxd5 11.cxd5 c6 12.Bc4 cxd5 13.Bxd5 Nd7 14.Nd2 Nb6 15.Bb3 Be6
16.Ke2 Bxb3 17.axb3 Nd7 18.Be3  1/2-1/2

[Event "Buenos Aires"]
[Site "Buenos Aires"]
[Date "1980.??.??"]
[Round "?"]
[White "Ljubojevic, Ljubomir"]
[Black "Andersson, Ulf"]
[Result "1/2-1/2"]
[WhiteElo "2590"]
[BlackElo "2590"]

1.e4 c5 2.Nf3 d6 3.d4 cxd4 4.Nxd4 Nf6 5.Nc3 e6 6.g4 h6 7.h4 Nc6 8.g5 hxg5
9.Bxg5 Bd7 10.Qd2 a6 11.O-O-O Qb6 12.Nb3 Qc7 13.Kb1 Be7 14.f4  1/2-1/2

[Event "Buenos Aires"]
[Site "Buenos Aires"]
[Date "1980.??.??"]
[Round "?"]
[White "Andersson, Ulf"]
[Black "Giardelli, Sergio C"]
[Result "1-0"]
[WhiteElo "2590"]
[BlackElo "2300"]

1.Nf3 Nf6 2.c4 c5 3.g3 b6 4.Bg2 Bb7 5.O-O e6 6.Nc3 Be7 7.d4 cxd4 8.Qxd4 O-O
9.Rd1 Qc8 10.Bf4 Nc6 11.Qd2 Na5 12.b3 Bb4 13.Be5 Ne4 14.Qb2 Bxc3 15.Bxc3 Nxc3
16.Qxc3 d5 17.Rac1 Rd8 18.cxd5 Qxc3 19.Rxc3 Bxd5 20.Ne1 Bxg2 21.Rxd8+ Rxd8
22.Kxg2 f6 23.b4 Nb7 24.Rc7 Nd6 25.Rxa7 Nf5 26.Nd3 Nd4 27.Nf4 g6 28.e3 e5
29.exd4 exf4 30.Rb7 fxg3 31.hxg3 Ra8 32.Rxb6 Kf7 33.d5 Rxa2 34.Rb7+ Ke8 35.Rxh7 Rd2
36.b5 Rb2 37.Rb7 Rd2 38.b6  1-0

[Event "Buenos Aires"]
[Site "Buenos Aires"]
[Date "1980.??.??"]
[Round "?"]
[White "Andersson, Ulf"]
[Black "Hort, Vlastimil"]
[Result "1/2-1/2"]
[WhiteElo "2590"]
[BlackElo "2595"]

1.Nf3 d5 2.d4 Nf6 3.c4 dxc4 4.Qa4+ c6 5.Qxc4 g6 6.g3 Bg7 7.Bg2 Be6 8.Qc2 Bf5
9.Qa4 Nbd7 10.O-O O-O 11.Nc3 a5 12.Qd1 Nb6 13.Ne5 Nfd7 14.e4 Nxe5 15.exf5 Nec4
16.fxg6 hxg6 17.Ne2 e6 18.h4 Nd5 19.Bf3 Re8 20.Kg2 Bf6 21.Qd3 Nd6 22.Bd2 Nf5
23.h5 g5  1/2-1/2

[Event "Buenos Aires"]
[Site "Buenos Aires"]
[Date "1980.??.??"]
[Round "?"]
[White "Andersson, Ulf"]
[Black "Olafsson, Fridrik"]
[Result "1/2-1/2"]
[WhiteElo "2590"]
[BlackElo "2545"]

1.Nf3 Nf6 2.c4 c5 3.g3 b6 4.Bg2 Bb7 5.O-O e6 6.Nc3 Be7 7.d4 cxd4 8.Qxd4 O-O
9.Rd1 Qc8 10.b3 d5 11.cxd5 Nxd5 12.Nxd5 Bxd5 13.Bb2 Bf6 14.Qd2 Nd7 15.Rac1 Qb7
16.Ne1 Bxb2 17.Qxb2 Bxg2 18.Nxg2 Nf6 19.Ne3 Rfd8 20.Rd4 h6 21.f3 b5 22.Rcd1 Rxd4
23.Qxd4 Rc8 24.Kg2 Qa6 25.Rd2 Qa5 26.Kf2 Qa3 27.Qd3 Qa5 28.Qd4 Qa3 29.h4 h5
30.Qe5 Qa5 31.Qb2 Rd8 32.Rxd8+ Qxd8 33.Qe5 a6 34.Qc5 g6 35.a4 bxa4 36.bxa4 Qb8
37.a5 Nd7 38.Qc6 Qa7 39.Qc8+ Kg7 40.Qc3+ Kf8 41.Ke1 Ke7  1/2-1/2

[Event "Buenos Aires"]
[Site "Buenos Aires"]
[Date "1980.??.??"]
[Round "?"]
[White "Andersson, Ulf"]
[Black "Timman, Jan H"]
[Result "1/2-1/2"]
[WhiteElo "2590"]
[BlackElo "2600"]

1.Nf3 c5 2.c4 Nc6 3.d4 cxd4 4.Nxd4 e6 5.e3 Nf6 6.Be2 Bb4+ 7.Bd2 Be7 8.Nc3 O-O
9.O-O d5 10.cxd5 Nxd4 11.exd4 Nxd5 12.Qb3 Bf6 13.Nxd5 Qxd5 14.Qxd5  1/2-1/2

[Event "Buenos Aires"]
[Site "Buenos Aires"]
[Date "1980.??.??"]
[Round "?"]
[White "Browne, Walter S"]
[Black "Andersson, Ulf"]
[Result "1/2-1/2"]
[WhiteElo "2540"]
[BlackElo "2590"]

1.d4 Nf6 2.c4 e6 3.Nf3 b6 4.Nc3 Bb4 5.Bg5 Bxc3+ 6.bxc3 Bb7 7.e3 h6 8.Bh4 g5
9.Bg3 Ne4 10.Qc2 d6 11.Bd3 Nxg3 12.hxg3 Nd7 13.a4 Ke7 14.a5 c5 15.a6 Bxf3
16.gxf3 Qc7 17.Ke2 Nf6 18.Rh2 Rag8 19.Rah1 h5 20.f4 gxf4 21.gxf4 Rg7 22.Qa4 Rhg8  1/2-1/2

[Event "Buenos Aires"]
[Site "Buenos Aires"]
[Date "1980.??.??"]
[Round "?"]
[White "Larsen, Bent"]
[Black "Andersson, Ulf"]
[Result "0-1"]
[WhiteElo "2585"]
[BlackElo "2590"]

1.d4 Nf6 2.Nf3 e6 3.Bg5 h6 4.Bh4 b6 5.e3 Bb7 6.Bd3 c5 7.O-O Be7 8.c4 cxd4
9.Nxd4 d6 10.Nc3 Nbd7 11.Re1 a6 12.Bf1 Rc8 13.Rc1 g5 14.Bg3 h5 15.f4 Rg8
16.fxg5 Rxg5 17.Nf3 Rg8 18.e4 Qc7 19.b4 Ng4 20.Rc2 Nde5 21.Kh1 Ng6 22.Nd4 h4
23.Bf2 Nxf2+ 24.Rxf2 Ne5 25.Qh5 Qd7 26.Be2 Rf8 27.Ref1 Kd8 28.b5 axb5 29.Ndxb5 Rc5
30.Na4 Nd3 31.Nxc5 Nxf2+ 32.Rxf2 bxc5 33.Bf3 Ba6 34.Rb2 Bf6 35.Qh6 Ke7 36.Rb1 Rh8
37.Qd2 Be5 38.a4 Bb7 39.a5 Bc6 40.a6 Ra8 41.Qf2 Rxa6 42.Qxh4+ Bf6 43.Qf2 Ra1
44.Rxa1 Bxa1 45.Qe2 Be5 46.g3 Qb7 47.Kg2 Qa8 48.h4 Qa1 49.Qd2 Qb1 50.Qa5 Bxe4
51.Qc7+ Kf6 52.Qd8+ Kg7 53.Qg5+ Bg6 54.h5 Qc2+ 55.Kf1 Qf5 56.Qxf5 Bxf5 57.g4 Bd3+
58.Be2 Be4 59.Kf2 Kh6 60.Ke3 Bg2 61.Bf3 Bf1 62.Be2 Bh3 63.Na7 Kg5 64.Nc6 Bf6
65.Na5 Bd4+ 66.Kd3 Bxg4 67.Bxg4 Kxg4 68.Nb7 Kxh5 69.Nxd6 f5  0-1

[Event "Bugojno"]
[Site "Bugojno"]
[Date "1980.??.??"]
[Round "1"]
[White "Andersson, Ulf"]
[Black "Ivkov, Borislav"]
[Result "1/2-1/2"]
[WhiteElo "2590"]
[BlackElo "2530"]

1.c4 g6 2.Nf3 Bg7 3.Nc3 Nf6 4.e4 d6 5.d4 O-O 6.Be2 e5 7.dxe5 dxe5 8.Qxd8 Rxd8
9.Bg5 Re8 10.Nd5 Nxd5 11.cxd5 c6 12.Bc4 cxd5 13.Bxd5 Nc6 14.Ke2 Nb4 15.Bc4 Bg4
16.Rhc1 Nc6 17.Be3 Nd4+ 18.Bxd4 exd4 19.Kd3 Bxf3 20.gxf3  1/2-1/2

[Event "Bugojno"]
[Site "Bugojno"]
[Date "1980.??.??"]
[Round "2"]
[White "Andersson, Ulf"]
[Black "Ljubojevic, Ljubomir"]
[Result "1/2-1/2"]
[WhiteElo "2590"]
[BlackElo "2590"]

1.c4 Nf6 2.Nf3 c6 3.d4 d5 4.e3 Bf5 5.Qb3 Qb6 6.Nc3 e6 7.Qxb6 axb6 8.Nh4 Bc2
9.cxd5 exd5 10.Kd2 Bg6 11.Nxg6 hxg6 12.Be2 Nbd7 13.Kc2 Bd6 14.h3 b5  1/2-1/2

[Event "Bugojno"]
[Site "Bugojno"]
[Date "1980.??.??"]
[Round "4"]
[White "Andersson, Ulf"]
[Black "Polugaevsky, Lev"]
[Result "1/2-1/2"]
[WhiteElo "2590"]
[BlackElo "2635"]

1.c4 Nf6 2.Nf3 e6 3.g3 d5 4.d4 Bb4+ 5.Bd2 Be7 6.Bg2 O-O 7.O-O Nbd7 8.Qc2 c6
9.Rd1 b6 10.Be1 Bb7 11.Nbd2 c5 12.cxd5 Nxd5 13.Rac1 cxd4 14.Nxd4 Rc8 15.Qb1 Rxc1
16.Rxc1 Qa8 17.a3 Rc8 18.Rxc8+ Qxc8 19.Qc2 Qxc2 20.Nxc2 Nc5 21.b4 Na4 22.Nb3 Kf8
23.Nbd4 Ke8 24.Kf1 Kd7 25.Bd2 Nb2 26.Nb5 Nc4 27.Be1 a6 28.Nbd4 Bf6 29.a4 Kc7
30.e3 Nb2 31.a5 bxa5 32.bxa5 Ne7 33.Bxb7 Kxb7 34.Ke2 Nc6 35.Nb3 g6 36.f4 Be7
37.e4 Na4 38.Kd3 Nc5+ 39.Nxc5+ Bxc5 40.Kc4 Be7 41.Na1 Na7 42.Nb3 Kc6 43.Nd4+ Kd7
44.Nb3 Kc6 45.Bb4 Bxb4 46.Kxb4 Kd6 47.Kc4 f6 48.g4 Nc6 49.Kd3 h6 50.h4 Ke7
51.Kc4 Kd6 52.h5 gxh5 53.gxh5 Nd8 54.Nd4 Nc6 55.Nb3  1/2-1/2

[Event "Bugojno"]
[Site "Bugojno"]
[Date "1980.??.??"]
[Round "11"]
[White "Kurajica, Bojan"]
[Black "Andersson, Ulf"]
[Result "1-0"]
[WhiteElo "2505"]
[BlackElo "2590"]

1.d4 Nf6 2.Nf3 e6 3.g3 b5 4.Bg2 Bb7 5.O-O c5 6.c3 cxd4 7.cxd4 Be7 8.Bg5 O-O
9.Nbd2 Qb6 10.a4 Rc8 11.axb5 Qxb5 12.Qb3 Qxb3 13.Nxb3 h6 14.Bxf6 gxf6 15.Rfc1 Rxc1+
16.Rxc1 Na6 17.Nfd2 Bxg2 18.Kxg2 f5 19.e3 Kf8 20.h3 h5 21.h4 Ke8 22.Kf3 Nb4
23.Ra1 Nd5 24.Nc4 Bb4 25.Ne5 Bd6 26.Nd3 Bc7 27.Nd2 Ke7 28.Nc4 Nf6 29.Ra6 Nd5
30.Na3 Bb6 31.Nb5 d6 32.Ke2 Kd7 33.Nc3 Nc7 34.Ra1 Kc6 35.Kd2 Rh8 36.b4 Kb7
37.Nb2 Rc8 38.Nc4 Ne8 39.Kd3 d5 40.Ne5 Nd6 41.Na4 Ka6 42.Nc3+ Kb7 43.Ra2 Rc7
44.Na4 Ka6 45.Nd7 Kb5 46.Nc3+ Kc6 47.Nf6 Ne4 48.Nxh5 Nxc3 49.Kxc3 Kb5+ 50.Kd3 Kxb4
51.Rb2+ Ka3 52.Rc2 Rb7 53.Rc8 Ba5 54.Nf6 Rb2 55.Rc2 Rb3+ 56.Ke2 Rb8 57.Nd7 Rb7
58.Ne5 Bb4 59.Nd3 a5 60.h5 Kb3 61.Kd1 Rb8 62.Nc1+ Ka4 63.Rc7 Rh8 64.Rxf7 Rxh5
65.Kc2 Rh1 66.Rb7 Re1 67.Rb6 Ka3 68.Rxe6 Rf1 69.Nd3 Ra1 70.Nc1 Ka4 71.Rb6 Ra3
72.Kb2 Rc3 73.Rb7 Rc8 74.Nd3 Ba3+ 75.Kb1 Rc3 76.Nb2+ Bxb2 77.Kxb2 Rd3 78.Kc2 Ra3
79.Rd7 Ra2+ 80.Kd3 Rxf2 81.Rxd5 Rf3 82.Ke2 Rxg3 83.Rxf5 Kb4 84.Rf8 a4 85.Kd3 Kb3
86.Rb8+ Ka2 87.d5 a3 88.Ke4 Rg1 89.d6 Rd1 90.Ke5 Ka1 91.e4 a2 92.Ra8 Kb2
93.Ke6 a1=Q 94.Rxa1 Rxa1 95.d7 Ra8 96.e5 Kc3 97.Kf7 Kd4 98.e6  1-0

[Event "Malta ol (Men)"]
[Site "La Valetta"]
[Date "1980.??.??"]
[Round "?"]
[White "Andersson, Ulf"]
[Black "Kouatly, Bachar"]
[Result "1-0"]
[WhiteElo "2590"]
[BlackElo "2350"]

1.Nf3 Nf6 2.c4 g6 3.Nc3 d5 4.cxd5 Nxd5 5.e4 Nxc3 6.dxc3 Qd6 7.Qb3 Bg7 8.Be3 O-O
9.Rd1 Qc6 10.Bc4 Na6 11.Bxf7+ Rxf7 12.Rd8+ Bf8 13.Ng5 Qf6 14.Nxf7 Qxf7 15.Bh6 Be6
16.Rxa8 Bxb3 17.axb3 Nc5 18.Rxf8+ Qxf8 19.Bxf8 Kxf8 20.Ke2 Nxe4 21.Ke3 Nd6
22.g4 e5 23.Ra1 a6 24.Ra5 Nf7 25.Ke4 Ke7 26.Rxe5+  1-0

[Event "Malta ol (Men)"]
[Site "La Valetta"]
[Date "1980.??.??"]
[Round "?"]
[White "Andersson, Ulf"]
[Black "Liu Wenzhe"]
[Result "1-0"]
[WhiteElo "2590"]
[BlackElo "2430"]

1.Nf3 c5 2.c4 g6 3.d4 Bg7 4.Nc3 cxd4 5.Nxd4 Nc6 6.e3 Nf6 7.Be2 O-O 8.O-O d6
9.b3 d5 10.Nxc6 bxc6 11.Bb2 Qa5 12.Qe1 Rd8 13.Rc1 Ba6 14.Na4 Qxe1 15.Rfxe1 dxc4
16.Nc5 c3 17.Bxc3 Bxe2 18.Rxe2 Rd5 19.Bxf6 Bxf6 20.Rec2 Rad8 21.g3 h5 22.Kg2 Kg7
23.Ne4 Ra5 24.Nc5 Rb8 25.Na4 h4 26.Rxc6 Rd8 27.g4 Rd2 28.R6c2 Rxc2 29.Rxc2 e6
30.Nc5 Be7 31.Nd3 Bf8 32.Ne1 Ra3 33.Nf3 a5 34.Nxh4 a4 35.bxa4 Rxa4 36.h3 Ra3
37.Nf3 Ra5 38.Nd4 Kg8 39.Nb3 Ra3 40.Nd2 Ra4 41.Nf3 Be7  1-0

[Event "Malta ol (Men)"]
[Site "La Valetta"]
[Date "1980.??.??"]
[Round "?"]
[White "Andersson, Ulf"]
[Black "Portisch, Lajos"]
[Result "1/2-1/2"]
[WhiteElo "2590"]
[BlackElo "2655"]

1.Nf3 Nf6 2.c4 e6 3.g3 d5 4.d4 dxc4 5.Qa4+ Nbd7 6.Bg2 a6 7.Qxc4 c5 8.Qc2 b6
9.dxc5 Bxc5 10.Nc3 Bb7 11.O-O Rc8 12.Qd3 O-O 13.Be3 b5 14.a3 Bxe3 15.Qxe3 Nb6
16.Rfd1 Qc7 17.Ne5 Bxg2 18.Kxg2 Nbd5 19.Nxd5 Nxd5 20.Qe4 Qc2 21.Nd3 Qb3 22.Rd2 h6
23.Rc1 Nf6 24.Qd4 Rxc1 25.Nxc1 Qd5+ 26.Qxd5 Nxd5 27.Rc2 Rb8 28.b4 Kf8 29.Nb3 Rb7
30.Rc6 Ra7 31.e4 Nf6 32.Nc5 Ke7 33.h3 a5 34.Rb6 axb4 35.axb4 Nd7 36.Rxb5 Nxc5
37.Rxc5 Rb7 38.Rc4 Kd6 39.f4 Ra7 40.h4 h5 41.Rc5 Ra2+ 42.Kf1 Ra3 43.Rg5 g6
44.Kf2 Rb3 45.b5 Kc7 46.Ke2 Kb6 47.f5 exf5 48.exf5 gxf5 49.Rxf5 Rxg3 50.Rxh5 Rg4
51.Kf3 f5 52.Rh8 Kxb5 53.h5 Kc6 54.h6 Kb7 55.Rh7+ Kc6 56.Rh8 Kb7 57.Rf8 Rh4
58.Rf6 Kc7 59.Re6 Kb7 60.Rg6 Kc7  1/2-1/2

[Event "Malta ol (Men)"]
[Site "La Valetta"]
[Date "1980.??.??"]
[Round "?"]
[White "Andersson, Ulf"]
[Black "Rogers, Ian"]
[Result "1-0"]
[WhiteElo "2590"]
[BlackElo "2345"]

1.e4 c5 2.Nf3 Nc6 3.d4 cxd4 4.Nxd4 g6 5.c4 Bg7 6.Be3 Nf6 7.Nc3 Ng4 8.Qxg4 Nxd4
9.Qd1 e5 10.Bd3 O-O 11.O-O d6 12.Qd2 f5 13.exf5 gxf5 14.f4 Nc6 15.Rad1 Qe7
16.Be2 Nd4 17.Bxd4 exd4 18.Nd5 Qf7 19.b3 Be6 20.Nb4 Kh8 21.Nc2 d5 22.Nxd4 dxc4
23.Nxe6 Qxe6 24.Bxc4 Qb6+ 25.Kh1 Rad8 26.Qe2 Qb4 27.g3 Rde8 28.Qd2 Qa3 29.Rfe1 Rc8
30.Qd7 Qxa2 31.Qxb7 a5 32.Re2 Qa3 33.Re7 Qb2 34.Qg2 Qa3 35.Qe2 a4 36.Rdd7 Qc1+
37.Kg2 Rg8 38.Rxg7 Rxg7 39.Qe5 Rg8 40.Qxg7+  1-0

[Event "Malta ol (Men)"]
[Site "La Valetta"]
[Date "1980.??.??"]
[Round "?"]
[White "Chandler, Murray G"]
[Black "Andersson, Ulf"]
[Result "0-1"]
[WhiteElo "2450"]
[BlackElo "2590"]

1.d4 Nf6 2.c4 e6 3.Nc3 Bb4 4.e3 c5 5.Ne2 cxd4 6.exd4 O-O 7.a3 Be7 8.d5 exd5
9.cxd5 Re8 10.g3 Bc5 11.Bg2 d6 12.h3 a6 13.O-O Nbd7 14.Nd4 Ne5 15.Nce2 Bd7
16.b4 Ba7 17.Qb3 Rc8 18.Bf4 Nh5 19.Bd2 Nc4 20.Bc3 Ne3 21.Rfe1 Nxg2 22.Kxg2 Qg5
23.Rad1 Re4 24.Bd2 Qg6 25.Be3 Rce8 26.Kh2 h6 27.Rg1 Bxd4 28.Nxd4 Nf6 29.Nf3 Qf5  0-1